000 00628nam a2200217Ia 4500
005 20241129115941.0
008 241129s9999||||xx |||||||||||||| ||und||
020 _a9780367716417
037 _aTB
040 _aSDCL
_beng
_cSDCL
041 _aeng
_2eng
084 _aO-(Y:1:5), R1
_qSDCL
100 _aVakoch Douglas A. Ed.
_932495
245 0 _aEcofeminist science fiction: International perspectives on gender ecology, and literature
260 _aDelhi
_bRoutledge India
_c2021
300 _a211p.
365 _aGBP
_b130
650 _aEnglish
942 _cTB
_hO-(Y:1:5), R1
999 _c1232715
_d1232715